1652 1098 1022 1053 1225 1114 1690 1057 1848 1939 1344 1837 1238 1645 1019 1465 1510 1878 1808 1527 1617 1832 1915 1066 1920 1442 1539 1024 1783 1565 1814 1473 1593 1856 1282 1434 1023 1206 1154 1700 1278 1337 1421 1595 1031 1005 1190 1169 1830 1184 1406 1011 1884 1367 1490 1112 1208 1586 1811 1833 1341 1688 1317 1314 1881 1259 1115 1716 1488 1038 1149 1747 1599 1988 1513 1251 1658 1385 1796 1122 1196 1963 1653 1312 1762 1119 1500 1269 1198 1509 1075 1565 1700 1709 1648 1171 1212 1156 1812 BCNSPRNW ULIB Ver.6.0+V

เปลี่ยนเป็นภาษาไทย

Change to English
 แสดงรายละเอียดบรรณานุกรม
  กลับหน้าหลัก

Brief Record : Get Marc (ISO 2709) : E-mail record : QR code < ปิดหน้าต่าง
LEADER : 00000nam 2200000uu 4500
001    13399124356
003     ULIB
008    150522s2010||||th 000 0 tha d
020    ^a0071104550 (paperback)
020    ^a9780071104555 (paperback)
060  4 ^a WO 517^bM663c
100 1  ^aDoherty, Gerard M.
245 10 ^aLange current procedures : ^bsurgery / ^cGerard M. Doherty.
260    ^a[S.l.] : ^bMcGraw-Hill Medical, ^c2010.
300    ^a1 v. (unpaged) ; ^c28 cm.
520    ^aThis is the perfect surgical resource for the training resident as well as the buy clinician. Presented in a concise and atlas-oriented format, ^"Lange Current Surgical Procedures^" covers the full spectrum of bedside, office-based, and surgical procedures inherent to the specialty of surgery. There is no better or faster way to find the steps and tips needed to master surgical procedures ranging from the simplest to the most complex than this well illustrated, step-by-step resource.
650  4 Surgery
945    ^p0^l0^i039437
999    ^aเกษร โพธิ์สุวรรณ
รายการนี้ยังไม่มีแท็ก
คุณยังไม่ได้ล็อกอิน คุณสามารถมีกิจกรรมร่วมกับเว็บไซต์ได้ แต่ต้องล็อกอินก่อน ::
  ล็อกอิน

รายการสื่อสารสนเทศ

ลำดับที่ ประเภท เลขเรียก/บาร์โค้ด สถานที่ สถานะ
1. วิทยาศาสตร์การแพทย์ และสุขภาพ
วิทยาศาสตร์การแพทย์ และสุขภาพ
WO 517 M663c ฉ.1 
  Barcode: 039437
ห้องสมุดวิทยาเขตสวรรค์ประชารักษ์
►หนังสือทั่วไป
บนชั้น

รายการใกล้เคียง
    หัวเรื่อง [Surgery]

BibComment


ยังไม่เคยถูกคอมเมนท์

คอมเมนท์ทรัพยากรรายการนี้
  คอมเมนท์: Lange current pr..


 Copyright 2026. Bcnsprnw @Library